Normal view MARC view
  • Purang Y.P

Entry Personal Name

Number of records used in: 1

001 - CONTROL NUMBER

  • control field: 5202

003 - CONTROL NUMBER IDENTIFIER

  • control field: OSt

005 - DATE AND TIME OF LATEST TRANSACTION

  • control field: 20180120100219.0

008 - FIXED-LENGTH DATA ELEMENTS

  • fixed length control field: 180120|| aca||aabn | a|a d

040 ## - CATALOGING SOURCE

  • Original cataloging agency: OSt
  • Transcribing agency: OSt

100 ## - HEADING--PERSONAL NAME

  • Personal name: Purang Y.P

670 ## - SOURCE DATA FOUND

  • Source citation: Work cat.: (OSt): Purang Y.P, APC Composite science, 2008

Powered by Koha